000 00332 a2200157 4500
001 75443
020 _a9788510064729
040 _cAnchieta - Colégio São Paulo
100 _aLogen, Adilson
240 1 0 _aMatemática:
_lpor
245 1 0 _aMatemática:
300 _a288
362 0 _a2016
650 4 _aMatemática
942 _cBK
999 _c75443
_d75443